Pubertás praecox, semicastratio

Elmentve itt :
Bibliográfiai részletek
Szerzők: Ónozó Beáta
Iványi Béla
Dokumentumtípus: Könyv része
Megjelent: 2003
Sorozat:Tiszaparti esték 4
Tiszaparti esték : gyermekgyógyászati továbbképző előadások 2002-2003 4
Kulcsszavak:Gyermekgyógyászat
Tárgyszavak:
Online Access:http://acta.bibl.u-szeged.hu/18781
LEADER 00795naa a2200229 i 4500
001 acta18781
005 20220309155412.0
008 161015s2003 hu o 0|| hun d
022 |a 1588-3515 
040 |a SZTE Egyetemi Kiadványok Repozitórium  |b hun 
041 |a hun 
100 1 |a Ónozó Beáta 
245 1 0 |a Pubertás praecox, semicastratio  |h [elektronikus dokumentum] /  |c  Ónozó Beáta 
260 |c 2003 
300 |a 79-81 
490 0 |a Tiszaparti esték  |v 4 
490 0 |a Tiszaparti esték : gyermekgyógyászati továbbképző előadások 2002-2003  |v 4 
650 4 |a Orvos- és egészségtudomány 
650 4 |a Klinikai orvostan 
695 |a Gyermekgyógyászat 
700 0 1 |a Iványi Béla  |e aut 
856 4 0 |u http://acta.bibl.u-szeged.hu/18781/1/tiszaparti_2002_079-081.pdf  |z Dokumentum-elérés